000 00474nam a2200145 4500
001 4539
005 20181127173626.0
020 _a9789993665878
_c
_z
090 0 0 _a342.5498 C7582c
110 _aRoyal Government of Bhutan.
_b
_c
_d
_e
_n
_p
245 0 0 _aThe Constitution of the Kingdom of Bhutan :
_bPrinciples and Philosophies /
_cLyonpo Sonam Tobgye.
_h
260 0 0 _aThimphu :
_bRoyal Government of Bhutan,
_cn.d.
300 0 0 _a513 p. ; 30 cm.
650 0 0 _aConstitutions --Bhutan.
_x
999 _c3761
_d3761